000 00517cam a2200145 4500500
005 20260201141933.0
041 _afre
042 _adc
100 1 0 _aBongo, Nsame
_eauthor
245 0 0 _aPensée thérapeutique africaine et traitement des conflits. La méthode de la lutte constructive
260 _c2005.
500 _a45
786 0 _nPrésence Africaine | 172 | 2 | 2005-06-01 | p. 67-82 | 0032-7638
856 4 1 _uhttps://shs.cairn.info/revue-presence-africaine-2005-2-page-67?lang=fr&redirect-ssocas=7080
999 _c1642786
_d1642786